Cybertypes : race, ethnicity, and identity on the internet

Αποθηκεύτηκε σε:
Λεπτομέρειες βιβλιογραφικής εγγραφής
Κύριος συγγραφέας: Nakamura, Lisa
Μορφή: Βιβλίο
Γλώσσα:English
Δημοσίευση: New York : Routledge, 2002
Θέματα:
Ετικέτες: Προσθήκη ετικέτας
Δεν υπάρχουν, Καταχωρήστε ετικέτα πρώτοι!

MARC

LEADER 00000nam a2200000 i 4500
001 1/99903
008 081219s2002 eng d
020 |a 0-415-93837-6 
035 |l 10102644 
040 |a GR-MY-UA  |b gre  |e aacr 
041 0 |a eng 
082 0 |a 305.8002854678  |2 (22) 
100 1 |a Nakamura, Lisa. 
245 1 0 |a Cybertypes :  |b race, ethnicity, and identity on the internet /  |c Lisa Nakamura 
260 |a New York :   |b Routledge,   |c 2002 
300 |a xix, 169 σ.;  |b εικ.;  |c 22 εκ. 
504 |a Βιβλιογραφία: σ. [159]-166 
504 |a Ευρετήριο: σ. [167]-169 
650 0 0 |a Race awareness. 
650 0 0 |a Race discrimination. 
650 0 0 |a Internet  |x Social aspects. 
650 0 0 |a Cyberspace  |x Social aspects. 
852 |a INST  |b LESVOS  |e 20081219  |h 305.8002854678 NAK  |p 005100043757  |q 005100043757  |t BK  |y 0 
901 |a BIBL1-2008-3 
909 |a Λ  |b 154159 
922 |a 1ΕΛΗ  |b 200809  |c ΕΠΕΑΕΚ2/ΠΤΕ  |d ΜΙΧΑΛΟΠΟΥΛΟΣ 
970 |a ΚΑΡΑ  |b ΓΙΑΣΕΜΗ  |z 2008/12/19